00398nam a2200145Ia 4500003000900000008004100009040001300050040001300063100002200076245009500098260002300193300000800216490000600224600002200230IT-RoPAU120407s9999 xx 000 0 und d aIT-RoPAU cIT-RoPAU aEugenio Fornasari aDon Enzo. Don Lorenzo Manfredi sacerdote, scienziato, inventore, della Società san Paolo aSan Paolo Edizioni c cm v1 auna copia a parte